000 00254nam a2200109Ia 4500
008 190216s9999||||xx |||||||||||||| ||und||
100 _aBalakrishnan.P.K
245 0 _aNovel Sidhiyum Sadanayum
260 _bNbs Kottayam
650 _aPadanam
942 _cBK
999 _c25376
_d25376